LEADER 00988nam a2200241 i 4500 001 000000008892 003 CaOOAMICUS 005 20180830125439.0 008 180830s2007 it u000 u ita u 040 $aSeMil$bita 245 13$aLa Cina /$ca cura di Maurizio Scarpari. 260 $aTorino :$bGiulio Einaudi,$c2007-2013. 300 $a3 v. (in 4 tomi) ;$c22 cm. 362 1 $av 500 $aIn custodia. 650 4$aCina - Storia.$0(OLS)http://semarc/subject/1392 700 1 $aScarpari, Maurizio.$0(OLS)http://semarc/name/4432 774 0 $tPreistoria e origini della civiltà cinese.$z978-88-06-18384-4$g1$w()228025 774 0 $tDall'età del bronzo all'Impero Han.$z978-88-06-18511-4$g1$w()228286 774 0 $tVerso la modernità.$z978-88-06-18513-8$g3$w()228287 774 0 $tEtà imperiale dai Tre Regni ai Qing.$z978-88-06-18512-1$g2$w()228288 996 $6245$aLa Cina$9(OLS)http://semarc/title/11761 996 $6260$aTorino :$bGiulio Einaudi$9(OLS)http://semarc/publisher/29810 LEADER 01391nam a2200301 i 4500 001 000000103401 003 CaOOAMICUS 005 20011001000000.0 008 011001s2001 it u000 u ita u 013 $a75572 020 $a88-311-3341-1 040 $aSeMil$bita 100 1 $aReali, Nicola,$d<1967- >.$0(OLS)http://semarc/name/35331 245 10$aFino all'abbandono :$bl'eucaristia nella fenomenologia di Jean-Luc Marion /$cNicola Reali ; Prefazione di Jean-Luc Marion. 260 $aRoma :$bCittà Nuova,$ccopyr. 2001. 300 $a302 p ;$c21 cm. 490 0 $aCollana di teologia [Città Nuova] ;$v41 500 $aContiene : Bibliografia. 600 14$aMarion, Jean-Luc <1946- >.$0(OLS)http://semarc/subject/16302 650 4$aEucaristia - Studi.$0(OLS)http://semarc/subject/10646 700 1 $aMarion, Jean-Luc,$d<1946- >.$0(OLS)http://semarc/name/2629 830 0$aCollana di teologia ;$v41.$0(OLS)http://semarc/title/419465 850 $aSeMil 852 $aSeMil$W1$xVenegono$y1$m2M VI 441$j59862$B59862$CSeMilBibl$Z2$F44353 $81 961 $aOmaggio per recensione: Scuola Cattolica 996 $6020$a88-311-3341-1$9(OLS)http://semarc/number/83203 996 $6245$aFino all'abbandono :$bl'eucaristia nella fenomenologia di Jean-Luc Marion$9(OLS)http://semarc/title/150200 996 $6260$aRoma :$bCittà Nuova$9(OLS)http://semarc/publisher/29609